LEADER 01271cam0-22004451i-450- 001 990003777830403321 005 20080313151114.0 010 $a88-15-04799-9 035 $a000377783 035 $aFED01000377783 035 $a(Aleph)000377783FED01 035 $a000377783 100 $a20030910d1995----km-y0itay50------ba 101 0 $aita 102 $aIT 105 $ay-------001yy 200 1 $aFondamenti teorici di psicologia sociale$fPiero Amerio 210 $aBologna$cil Mulino$d1995 215 $a449 p.$d24 cm 225 1 $aStrumenti$iPsicologia 320 $aContiene riferimenti bibl. (pp. 397-433) e indici 610 0 $aPsicologia sociale$aTeoria 610 0 $aPsicologia sociale$aManuali 610 0 $aPsicologia sociale$aStudi 676 $a302.01 676 $a302 700 1$aAmerio,$bPiero$0141880 801 0$aIT$bUNINA$gRICA$2UNIMARC 901 $aBK 912 $a990003777830403321 952 $a302.01 AME 1BIS$b231$fBFS 952 $a302.01 AME 1$b4950$fBFS 952 $a302.01 AME 1TER$b3623$fBFS 952 $aIX F 58$b27047$fFSPBC 952 $aP.1 PS 248$bBibl.29859$fFLFBC 959 $aBFS 959 $aFSPBC 959 $aFLFBC 996 $aFondamenti teorici di psicologia sociale$9509879 997 $aUNINA LEADER 02333nam 2200613 450 001 9910453274103321 005 20200520144314.0 010 $a3-11-089101-8 024 7 $a10.1515/9783110891010 035 $a(CKB)2550000001200099 035 $a(EBL)3045620 035 $a(OCoLC)922949042 035 $a(SSID)ssj0001121796 035 $a(PQKBManifestationID)11639201 035 $a(PQKBTitleCode)TC0001121796 035 $a(PQKBWorkID)11058518 035 $a(PQKB)11127856 035 $a(MiAaPQ)EBC3045620 035 $a(DE-B1597)39694 035 $a(OCoLC)979907273 035 $a(DE-B1597)9783110891010 035 $a(Au-PeEL)EBL3045620 035 $a(CaPaEBR)ebr10834718 035 $a(EXLCZ)992550000001200099 100 $a20721103d1971 uy| 0 101 0 $aeng 135 $aur||||||||||| 181 $ctxt$2rdacontent 182 $cc$2rdamedia 183 $acr$2rdacarrier 200 10$aForm in the Menschheitsda?mmerung $ea study of prosodic elements and style in German expressionist poetry /$f[by] Robert P. Newton 205 $aReprint 2013 210 1$aThe Hague :$cMouton,$d1971. 215 $a1 online resource (270 p.) 225 1 $aDe proprietatibus litterarum. Series practica ;$vvolume 7 300 $aDescription based upon print version of record. 311 $a90-279-1767-1 320 $aIncludes bibliographical references. 327 $tFrontmatter -- $tCONTENTS -- $tREFERENCE ABBREVIATIONS -- $tNUMERICAL REFERENCES TO POEMS IN THE MENSCHHEITSDÄMMERUNG -- $tI. THE CRITICAL VIEW OF FORM IN EXPRESSIONIST POETRY -- $tII. WHO OR WHAT IS EXPRESSIONISM? -- $tIII. THE USE OF CONVENTIONAL VERSE ELEMENTS IN THE MENSCHHEITSDÄMMERUNO -- $tIV. INTERPRETIVE GUIDELINES -- $tBIBLIOGRAPHY -- $tKEY TO POSH NUMBERS AND INDEX 410 0$aDe proprietatibus litterarum.$pSeries practica ;$v7. 606 $aGerman poetry$y20th century$xHistory and criticism 606 $aExpressionism 608 $aElectronic books. 615 0$aGerman poetry$xHistory and criticism. 615 0$aExpressionism. 676 $a831/.9/12091 700 $aNewton$b Robert P$081 801 0$bMiAaPQ 801 1$bMiAaPQ 801 2$bMiAaPQ 906 $aBOOK 912 $a9910453274103321 996 $aForm in the Menschheitsda?mmerung$92460406 997 $aUNINA